Skull- Frontal Anterior - Statistics

General Stats
  • This quiz has been taken 34 times
  • The average score is 1 of 6
Answer Stats
Hint Answer % Correct
1 Frontal Squama
67%
3 Superciliary Arch
33%
4 Supraorbital Margin
33%
2 Frontal Eminance
0%
5 Frontal Suture
0%
6 Supraorbital Notch
0%
No matching quizzes found
Score Distribution
Percent of People with Each Score
Percentile by Number Answered
Your Score History
You have not taken this quiz